000 01029nam a22002537a 4500
005 20170124102958.0
010 _aB-193771
020 _c250.00
_a8190207628
035 _aB-193771
037 _bCen Lib/Ret
040 _aDPL
_bHN
082 _a827
_bसुरेश
100 _aसुरेश
_96954
245 _aकुर्सीस्तान के पाखंडीलाल /
_cसुरेश
246 _aKurseestan ke pakhandilal /
_bby Suresh
260 _aजयपुर
_bरॉयल पब्लिकेशन
_c2005
270 _bजयपुर
_a12, बन्धु नगर, परमहंस कॉलोनी, सीकर रोड
_e23
300 _a184पृ.
_c21सेमी (सजिल्द)
650 _aहिन्दी -- साहित्य
_953910
650 _aहिन्दी -- कहानियां
_953911
650 _aHindi -- Literature
_953912
650 _aHindi - Stories
_953913
942 _2ddc
_cHN
_h827
_mसुरेश
999 _c113804
_d113804